00340nam a2200145Ia 4500008004100000020001500041041001200056082001100068100001900079245002600098250000800124260003700132300000800169650001700177221030s9999 xx 000 0 und d a8187433515 aEnglish a105.23 aS. Ramamrutham 0aEngineering Mechanics a8th bDhanpat Rai PubaNew Delhic2006 a778 aBB Mechanics